000 00515nam a22001937a 4500
003 KOHA_MİRAKIL
005 20251124083753.0
008 251124b tu ||||| |||| 00| 0 tur d
020 _a9786057717474
040 _aTR-AnABB
_btur
_cTR-AnABB
041 _atur
082 _a813.42
_bOKE 2020
100 1 _aÖke, Mim Kemal,
245 1 0 _aBiat /
_cMim Kemal Öke
260 _aİstanbul :
_bTurkuvaz Kitap,
_c2020
300 _a400 sayfa ;
_c21 cm
650 0 4 _aTürk edebiyatı, roman
942 _2ddc
_cBK
999 _c9584
_d9584
900 _bGizem YORULMAZ